000 00933nam a2200181Ia 4500
008 090123s9999 xx 000 0 und d
082 _b27777
100 _aकाळुखे अमृतराव
245 _aमहाराष्ट्र-प्रादेशिक दुय्यम सेवा निवड मंडळ मार्गदर्शिका
250 _a0
260 _bनर्मदा प्रकाशन
300 _a239+97
600 _aकाळुखे अमृतराव
630 _aमहाराष्ट्र-प्रादेशिक दुय्यम सेवा निवड मंडळ मार्गदर्शिका
700 _aकाळुखे अमृतराव
730 _aमहाराष्ट्र-प्रादेशिक दुय्यम सेवा निवड मंडळ मार्गदर्शिका
942 _cBOOK
999 _c66148
_d66148